书目信息 |
| 题名: |
战后50年世界大事纵览
|
|
| 作者: | ;中国战略与管理研究会 主编 | |
| 分册: | ||
| 出版信息: | 北京 中国大百科全书出版社 1995 |
|
| 页数: | 306页 | |
| 开本: | 29cm | |
| 丛书名: | ||
| 单 册: | ||
| 中图分类: | K153-64 | |
| 科图分类: | ||
| 主题词: | 世界史--现代史--大事记--1945~1994--摄影集 , 世界史 , 现代史 | |
| 电子资源: | ||
| ISBN: | 7-5000-5651-6 | |
| 000 | 00745nam0 2200229 450 | |
| 001 | 1255968126 | |
| 005 | 20121007153345.73 | |
| 010 | @a7-5000-5651-6@b精装@dCNY184.00 | |
| 100 | @a19960802d1995 emky0chiy0110 ea | |
| 101 | 0 | @achi |
| 102 | @aCN@b110000 | |
| 105 | @aa z 000yd | |
| 200 | 1 | @a战后50年世界大事纵览@Azhan hou 50 nian shi jie da shi zong lan@e1945~1994 大型画册@f中国战略与管理研究会主编 |
| 210 | @a北京@c中国大百科全书出版社@d1995 | |
| 215 | @a306页@d29cm | |
| 606 | 0 | @a世界史@x现代史@x大事记@z1945~1994@x摄影集 |
| 606 | 0 | @a世界史 |
| 606 | 0 | @a现代史 |
| 690 | @aK153-64 | |
| 711 | 02 | @a中国战略与管理研究会@Azhong guo zhan lue yu guan li yan jiu hui@4主编 |
| 801 | 0 | @aCN@bNLC@c20101222 |
| 905 | @a10447@dK153-64@eJY26 | |
| 战后50年世界大事纵览:1945~1994 大型画册/中国战略与管理研究会主编.-北京:中国大百科全书出版社,1995 |
| 306页;29cm |
| ISBN 7-5000-5651-6(精装):CNY184.00 |
| ● |
| 相关链接 |
|
|
|
|
正题名:战后50年世界大事纵览
索取号:K153-64/JY26
 
预约/预借
| 序号 | 登录号 | 条形码 | 馆藏地/架位号 | 状态 | 备注 |
| 1 | 7831475 | 278314753 | 学院路分馆/ [索取号:K153-64/JY26] | 在馆 | |
| 2 | 7831476 | 278314762 | 学院路分馆/ [索取号:K153-64/JY26] | 在馆 | |
| 3 | 7831477 | 278314771 | 学院路分馆/ [索取号:K153-64/JY26] | 在馆 |